Unforgettable : (Record no. 328387)

000 -LEADER
fixed length control field 01912cam a2200457 a 4500
001 - CONTROL NUMBER
control field 14972136
003 - CONTROL NUMBER IDENTIFIER
control field Nust
005 - DATE AND TIME OF LATEST TRANSACTION
control field 20170406121320.0
008 - FIXED-LENGTH DATA ELEMENTS--GENERAL INFORMATION
fixed length control field 070820s2007 nyu d 000 1 eng d
010 ## - LIBRARY OF CONGRESS CONTROL NUMBER
LC control number 2007298844
020 ## - INTERNATIONAL STANDARD BOOK NUMBER
International Standard Book Number 9780755346684 (pbk.)
035 ## - SYSTEM CONTROL NUMBER
System control number (OCoLC)ocn133547476
035 ## - SYSTEM CONTROL NUMBER
System control number (OCoLC)133547476
040 ## - CATALOGING SOURCE
Original cataloging agency JBI
Transcribing agency JBI
Modifying agency BAKER
-- VP@
-- BTCTA
-- EHH
-- DLC
042 ## - AUTHENTICATION CODE
Authentication code lcac
-- lccopycat
050 00 - LIBRARY OF CONGRESS CALL NUMBER
Classification number PZ7.V94
Item number Unf 2007
082 00 - DEWEY DECIMAL CLASSIFICATION NUMBER
Classification number 823
Author Mark VIN
100 1# - MAIN ENTRY--PERSONAL NAME
Personal name Von Ziegesar, Cecily.
245 10 - TITLE STATEMENT
Title Unforgettable :
Remainder of title an It girl novel /
Statement of responsibility, etc. created by Cecily von Ziegesar.
250 ## - EDITION STATEMENT
Edition statement 1st ed.
260 ## - PUBLICATION, DISTRIBUTION, ETC.
Place of publication, distribution, etc. New York :
Name of publisher, distributor, etc. Little, Brown,
Date of publication, distribution, etc. 2007.
300 ## - PHYSICAL DESCRIPTION
Extent 280 p. ;
Dimensions 21 cm.
520 ## - SUMMARY, ETC.
Summary, etc. Callie Vernon has never shared much with Jenny Humphrey, her younger, rosy-cheeked roommate at elite Waverly Academy, but when Jenny steals Callie's long-term boyfriend, Easy Walsh, Callie feels little guilt about kissing him behind Jenny's back.
521 1# - TARGET AUDIENCE NOTE
Target audience note Ages 15 and up.
650 #0 - SUBJECT ADDED ENTRY--TOPICAL TERM
Topical term or geographic name entry element Boarding schools
Form subdivision Fiction.
650 #0 - SUBJECT ADDED ENTRY--TOPICAL TERM
Topical term or geographic name entry element Teenage girls
Form subdivision Fiction.
650 #0 - SUBJECT ADDED ENTRY--TOPICAL TERM
Topical term or geographic name entry element Interpersonal relations
Form subdivision Fiction.
650 #0 - SUBJECT ADDED ENTRY--TOPICAL TERM
Topical term or geographic name entry element Wealth
Form subdivision Fiction.
650 #0 - SUBJECT ADDED ENTRY--TOPICAL TERM
Topical term or geographic name entry element Conduct of life
Form subdivision Fiction.
650 #1 - SUBJECT ADDED ENTRY--TOPICAL TERM
Topical term or geographic name entry element Dating (Social customs)
Form subdivision Fiction.
650 #1 - SUBJECT ADDED ENTRY--TOPICAL TERM
Topical term or geographic name entry element Conduct of life
Form subdivision Fiction.
650 #1 - SUBJECT ADDED ENTRY--TOPICAL TERM
Topical term or geographic name entry element Interpersonal relations
Form subdivision Fiction.
650 #1 - SUBJECT ADDED ENTRY--TOPICAL TERM
Topical term or geographic name entry element Boarding schools
Form subdivision Fiction.
650 #1 - SUBJECT ADDED ENTRY--TOPICAL TERM
Topical term or geographic name entry element Schools
Form subdivision Fiction.
651 #0 - SUBJECT ADDED ENTRY--GEOGRAPHIC NAME
Geographic name New York (State)
Form subdivision Fiction.
651 #1 - SUBJECT ADDED ENTRY--GEOGRAPHIC NAME
Geographic name New York (State)
Form subdivision Fiction.
856 42 - ELECTRONIC LOCATION AND ACCESS
Materials specified Publisher description
Uniform Resource Identifier <a href="http://www.loc.gov/catdir/enhancements/fy0740/2007298844-d.html">http://www.loc.gov/catdir/enhancements/fy0740/2007298844-d.html</a>
856 42 - ELECTRONIC LOCATION AND ACCESS
Materials specified Contributor biographical information
Uniform Resource Identifier <a href="http://www.loc.gov/catdir/enhancements/fy0742/2007298844-b.html">http://www.loc.gov/catdir/enhancements/fy0742/2007298844-b.html</a>
906 ## - LOCAL DATA ELEMENT F, LDF (RLIN)
a 7
b cbc
c copycat
d 2
e ncip
f 20
g y-gencatlg
942 ## - ADDED ENTRY ELEMENTS (KOHA)
Source of classification or shelving scheme
Koha item type Book
Holdings
Withdrawn status Lost status Source of classification or shelving scheme Damaged status Not for loan Permanent Location Current Location Shelving location Date acquired Total Checkouts Full call number Barcode Checked out Date last seen Date last checked out Copy number Price effective from Koha item type
          Central Library (CL) Central Library (CL) Fiction 04/06/2017 3 823 VIN CL1195 07/27/2025 06/27/2025 06/27/2025 1 04/06/2017 Book
© 2023 Central Library, National University of Sciences and Technology. All Rights Reserved.